000 00419nam a2200181Ia 4500
005 20250423095145.0
008 250422s9999 xx 000 0 und d
020 _a0-07-116429-4
050 _aQC 661 .K72/
100 _aJohn D. Kraus
245 0 _aElectromagnetics with Applications
250 _a5th ed.
260 _bMcGraw-Hill
260 _c1999
300 _a617 p
650 _aEngineering
942 _cBK
999 _c29412
_d29412